000 004460000a22001810004500
003 MACL
005 20151017152944.0
008 151017b xxu||||| |||| 00| 0 eng d
040 _aMACL
_cMACL
041 _aEnglish
082 _a920/RHO
100 _aNicholas
_915742
245 _aA Man of the Frontier
_bS. W. Laden la 1876-1936
260 _bMira Bose
_c2006
_aKolkata
350 _a300
650 _aBiography
_915743
942 _cBK
_k920
_2ddc
999 _c2856
_d2856